000 00835nam a22002417a 4500
005 20170123164141.0
010 _aB-081094
020 _c250.00
035 _aB-081094
040 _aDPL
_bPN
082 _a851
_2ਜਗਤਾ
100 _aਜਗਤਾਰ
_96954
245 _aਹਰ ਮੋੜ ਤੇ ਸਲੀਬਾਂ /
_cਜਗਤਾਰ
246 _aHar mod tey saleeban
_bJagtar
260 _aਲੁਧਿਅਾਣਾ
_bਚੇਤਨਾ ਪ੍ਰਕਾਸ਼ਨ
270 _aਪੰਜਾਬੀ ਭਵਨ,
_bਲੁਧਿਅਾਣਾ
300 _a330p.
_c23cm(Hb)
650 _aਪੰਜਾਬੀ -ਗਜ਼ਲਾਂ
_9114749
650 _aਪੰਜਾਬੀ ਸਾਹਿਤ
_9114750
650 _aPunjabi gazals
_97347
650 _aPunjabi Literature
_9781
942 _2ddc
_cPN
_h851
_mਜਗਤਾ
999 _c109674
_d109674